| Tag |
First Indicator |
Second Indicator |
Subfields |
| LEADER |
00000cam a2200000 a 4500 |
| 001 |
in00001493213 |
| 005 |
20151021072938.0 |
| 008 |
980804s1998 maua b 100 0 eng |
| 010 |
|
|
|a 98030760
|
| 015 |
|
|
|a GB98-76611
|
| 019 |
|
|
|a 40299550
|
| 020 |
|
|
|a 0792382757 (alk. paper)
|
| 035 |
|
|
|a (OCoLC)39671528
|
| 035 |
|
|
|9 AJH4822AM
|
| 040 |
|
|
|a DLC
|c DLC
|d UKM
|d C#P
|d OHX
|d TXA
|d UtOrBLW
|
| 049 |
|
|
|a TXAM
|
| 050 |
0 |
0 |
|a TK7868.P7
|b I35 1997
|
| 072 |
|
7 |
|a TK
|2 lcco
|
| 082 |
0 |
0 |
|a 621.3815/31
|2 21
|
| 111 |
2 |
|
|a IEEE Workshop on Signal Propagation on Interconnects
|n (1st :
|d 1997 :
|c Travemünde, Lübeck, Germany)
|
| 245 |
1 |
0 |
|a Signal propagation on interconnects /
|c edited by Hartmut Grabinski and Petra Nordholz.
|
| 264 |
|
1 |
|a Boston :
|b Kluwer Academic,
|c [1998]
|
| 264 |
|
4 |
|c ©1998
|
| 300 |
|
|
|a x, 147 pages :
|b illustrations ;
|c 25 cm.
|
| 336 |
|
|
|a text
|b txt
|2 rdacontent
|
| 337 |
|
|
|a unmediated
|b n
|2 rdamedia
|
| 338 |
|
|
|a volume
|b nc
|2 rdacarrier
|
| 500 |
|
|
|a First IEEE Workshop on Signal Propagation on Interconnects (SPI), held at Travemünde, Germany, May 14-16, 1997.
|
| 504 |
|
|
|a Includes bibliographical references.
|
| 650 |
|
0 |
|a Printed circuits
|v Congresses.
|
| 650 |
|
0 |
|a Signal theory (Telecommunication)
|v Congresses.
|
| 700 |
1 |
|
|a Grabinski, Hartmut.
|
| 700 |
1 |
|
|a Nordholz, Petra.
|
| 948 |
|
|
|a c:en
|
| 999 |
|
|
|a MARS
|
| 999 |
f |
f |
|s 0ae2b028-9349-347a-8bf2-89b019a53b5c
|i e0295d0c-ad9c-3d9c-a648-d5550014efe5
|t 0
|
| 952 |
f |
f |
|p ric
|a Texas A&M University
|b Rellis Campus
|c Joint Library Facility
|d Remote Storage
|t 0
|e TK7868.P7 I35 1997
|h Library of Congress classification
|i unmediated -- volume
|m A14825060412
|
| 998 |
f |
f |
|a TK7868.P7 I35 1997
|t 0
|l Remote Storage
|